| 000 -LEADER |
| fixed length control field |
01125cam a2200277 a 4500 |
| 005 - DATE AND TIME OF LATEST TRANSACTION |
| control field |
20131029063930.0 |
| 008 - FIXED-LENGTH DATA ELEMENTS--GENERAL INFORMATION |
| fixed length control field |
940505s1994 mdua b 001 0 eng |
| 020 ## - INTERNATIONAL STANDARD BOOK NUMBER |
| International Standard Book Number |
0847679454 |
| 020 ## - INTERNATIONAL STANDARD BOOK NUMBER |
| International Standard Book Number |
0847679462 |
| 041 0# - LANGUAGE CODE |
| Language code of text/sound track or separate title |
eng |
| 080 ## - UNIVERSAL DECIMAL CLASSIFICATION NUMBER |
| Universal Decimal Classification number |
327.73 |
| 100 1# - Rafti |
| Rafti |
Briggs, Philip J. |
| 245 10 - TITLE STATEMENT |
| Title |
Making American foreign policy : |
| Statement of responsibility, etc |
Philip J. Briggs. |
| 250 ## - |
| -- |
2nd ed. |
| 260 ## - |
| -- |
Lanham, Md. : |
| -- |
Rowman & Littlefield, |
| -- |
c1994. |
| 300 ## - |
| -- |
xiv, 251 p. : |
| -- |
ill. ; |
| -- |
24 cm. |
| 500 ## - |
| -- |
Preface : f. XI - XII |
| 504 ## - BIBLIOGRAPHY, ETC. NOTE |
| Bibliography, etc |
Includes bibliographical references (p. 231-243) and index. |
| 610 10 - |
| -- |
Shtetet e Bashkuara |
| -- |
Kongresi |
| -- |
Hisotira |
| -- |
shek. 20 |
| 650 #0 - |
| -- |
Presidentët |
| -- |
Shtetet e Bashkuara |
| -- |
Historia |
| -- |
shek. 20 |
| 651 #0 - |
| -- |
United States |
| -- |
Marrëdhënie ndërkombëtare |
| -- |
1945-1989. |
| 651 #0 - |
| -- |
United States |
| -- |
Marrëdhënie ndërkombëtare |
| -- |
1989- |
| 651 #0 - |
| -- |
United States |
| -- |
Administrimi i marrëdhënieve ndërkombëtare |
| 856 41 - |
| -- |
Table of contents |
| -- |
http://www.loc.gov/catdir/toc/fy052/94016780.html |
| 942 ## - ADDED ENTRY ELEMENTS (KOHA) |
| Source of classification or shelving scheme |
|
| Item type |
Books |